Sports Quiz

Random Sports or WWE Quiz

WWE Hall of Fame Quiz Stats

 Plays Quiz Updated Jul 17, 2018

Challenge
Share
Tweet
Embed
Score 0/123 Timer 12:00
2 Plays Today
Year Ring Name % Correct
2005Hulk Hogan
88.5%
1993Andre the Giant
85.3%
2008'Nature Boy' Ric Flair
77%
2006Bret 'The Hitman' Hart
76.4%
2009Stone Cold Steve Austin
75.3%
2015'Macho Man' Randy Savage
73.7%
2014Ultimate Warrior
72.6%
2012Edge
70.5%
2017Kurt Angle
67.3%
2005Jimmy Hart
66.9%
2018Goldberg
65.5%
2014Lita
64.9%
2018The Dudley Boyz
63.6%
2013Trish Stratus
63.2%
2013Mick Foley
63.2%
2015Kevin Nash
62.8%
2016Sting
62.4%
2005'Rowdy' Roddy Piper
60.5%
2014Razor Ramon
60.2%
2013Bruno Sammartino
58.7%
2007Jerry 'The King' Lawler
58.1%
1996Vincent J. McMahon
56.7%
2014Jake 'The Snake' Roberts
56.1%
2011'The Heartbreak Kid' Shawn Michaels
56.1%
2013Booker T
56%
2018Mark Henry
55.6%
2012Yokozuna
54.4%
2012The Four Horsemen
53.6%
2010Stu Hart
53.4%
2005The Iron Sheik
53.2%
2006Eddie Guerrero
53.2%
2007Jim Ross
53%
2007'The American Dream' Dusty Rhodes
52.6%
1996Jimmy 'Superfly' Snuka
52.4%
2013Bob Backlund
52%
2016Big Boss Man
51.8%
2009Ricky 'The Dragon' Steamboat
51.6%
2017'Ravishing' Rick Rude
51.4%
2017Beth Phoenix
50.2%
2017Diamond Dallas Page
49.3%
2004Bobby 'The Brain' Heenan
49.2%
Year Ring Name % Correct
2015Rikishi
49.2%
2018Hillbilly Jim
49.1%
2007'Mr. Perfect' Curt Hennig
49%
1995The Fabulous Moolah
48.5%
2008'Soulman' Rocky Johnson
48.5%
2018Ivory
48.3%
2010'The Million Dollar Man' Ted DiBiase
47.6%
2004Sgt. Slaughter
47%
2005'Cowboy' Bob Orton
46.6%
2008Mae Young
46.1%
2004Junkyard Dog
44.4%
2012Ron Simmons
44.4%
2014Paul Bearer
43.9%
1994Gorilla Monsoon
43.7%
2015The Bushwhackers
43.6%
2016The Fabulous Freebirds
43.4%
2009The Funks
43.3%
2009Koko B. Ware
43.3%
2007The Sheik
43%
2018Jeff Jarrett
43%
2017The Rock 'n' Roll Express
42.5%
2015Alundra Blayze
42.2%
2004Tito Santana
42%
2004'Superstar' Billy Graham
41.4%
2009Von Erich Family
41.3%
2005'Mr. Wonderful' Paul Orndorff
41%
2006'Sensational' Sherri
40.6%
2004Big John Studd
40.6%
2004Greg 'The Hammer' Valentine
40.4%
1996Pat Patterson
40.3%
2016The Godfather
40.2%
2016Jacqueline
39.9%
2008Eddie Graham
39.8%
1994'Nature Boy' Buddy Rogers
39.7%
2008'High Chief' Peter Maivia
39.1%
2006'Mean' Gene Okerlund
38.6%
2005Nikolai Volkoff
38.3%
2007Mr. Fuji
38.2%
2008The Brisco Brothers
38.2%
2004Jesse 'the Body' Ventura
37.7%
1995George 'The Animal' Steele
37.3%
Year Ring Name % Correct
1995Pedro Morales
37%
2011The Road Warriors
36.9%
2004Don Muraco
36.6%
2017Teddy Long
35.4%
2004Harley Race
35.3%
2014Carlos Colon
35.2%
1994'Classy' Freddie Blassie
35%
2007The Wild Samoans
34.4%
2006'Mr. USA' Tony Atlas
34.2%
2012Mil Máscaras
34%
2006The Blackjacks
33.8%
2011'Hacksaw' Jim Duggan
33.3%
1994James Dudley
32.4%
2006Verne Gagne
32.3%
2009Howard Finkel
32.2%
1996'Captain' Lou Albano
31.9%
2016Stan Hansen
31.1%
2010Maurice 'Mad Dog' Vachon
30.8%
1994Bobo Brazil
30.8%
2015Tatsumi 'The Dragon' Fujinami
30.7%
1995The Grand Wizard
30.5%
2011Sunny
30.3%
1995'Big Cat' Ernie Ladd
30%
2010Wendi Richter
28.6%
1994Arnold Skaaland
28.5%
2009'Cowboy' Bill Watts
27.9%
1994Chief Jay Strongbow
27.7%
2008Gordon Solie
27.5%
2010Gorgeous George
26.8%
2007Nick Bockwinkel
26.8%
1996Killer Kowalski
26.5%
2015Larry Zbyszko
26.2%
1996The Valiant Brothers
26.2%
2010Antonio Inoki
25.8%
2011Abdullah the Butcher
24.9%
1995Ivan Putski
24.8%
1995Antonino Rocca
24.1%
1996Johnny Rodz
23.4%
1996'Baron' Mikel Scicluna
22.7%
2011'Precious' Paul Ellering
22%
2011'Bullet' Bob Armstrong
19.4%

You're not logged in!

Compare scores with friends on all Sporcle quizzes.
OR
Log In

You Might Also Like...

Show Comments

Extras

Top Quizzes Today


Score Distribution

Your Account Isn't Verified!

In order to create a playlist on Sporcle, you need to verify the email address you used during registration. Go to your Sporcle Settings to finish the process.

Report this User

Report this user for behavior that violates our Community Guidelines.

Details: